MARC
| LEADER | 00000nam a2200000Ia 4500 | ||
|---|---|---|---|
| 008 | 170316s9999 xx 000 0 spa d | ||
| 040 | |a cru BVZT | ||
| 090 | |a A-860 C-6c v.3 | ||
| 245 | |a Cuentos de Hispanoamérica en el Siglo XX. Tomo III | ||
| 260 | |a Madrid, España | ||
| 260 | |b Castalia | ||
| 260 | |c 1997 | ||
| 300 | |a 548 páginas | ||
| 650 | |a LITERATURA LATINOAMERICANA |9 15 | ||
| 650 | |a ANTOLOGÍA |9 80 | ||
| 650 | |a EL CUENTO HISPANOAMERICANO - SIGLO XX | ||
| 999 | |c 12490 |d 12490 | ||
| 942 | |c LIB |h A-860 C-6c v.3 |2 z | ||
